000 00748nam a22001937a 4500
999 _c18153
_d18153
005 20251125232903.0
008 s2532 th tha d
040 _aNALT
041 _atha
245 1 0 _aพระราชบัญญัติหอพัก พ.ศ.2507
260 3 _aกรุงเทพฯ :
_bสูตรไพศาล,
_c2532
300 _a76 หน้า :
_b ตาราง ;
_c 26 ซม.
650 0 4 _aหอพัก -- กฎหมายและระเบียบข้อบังคับ
850 _aNALT
856 4 0 _uhttps://hdl.handle.net/20.500.14156/461577
_71
942 _cLB
_2lcc
998 _j25
_k นีลวัสน์ อินทรักษา
090 _aKS75 ส886พ 2532